| 000 | 00483nam a2200181Ia 4500 | ||
|---|---|---|---|
| 008 | 230524s9999 xx 000 0 und d | ||
| 020 | _a9788127251239 | ||
| 082 |
_a658 _bTHA |
||
| 100 | _aGurdev Singh Thakur | ||
| 245 | 0 | _aServices Marketing: A Paradigm Shift towards Global Service Economies | |
| 250 | _aIST | ||
| 260 |
_aCUTTACK _bKalyani _c2009 |
||
| 300 | _aX;17.13 | ||
| 500 | _aQuantity Number: 12 | ||
| 650 | _aManagement | ||
| 700 | _a Supreet Babrah | ||
| 942 | _cBK | ||
| 999 |
_c45465 _d45465 |
||